| 000 | 00396nam a22001457a 4500 | ||
|---|---|---|---|
| 003 | MACL | ||
| 005 | 20170328123703.0 | ||
| 008 | 170328b xxu||||| |||| 00| 0 eng d | ||
| 040 | _cMACL | ||
| 100 |
_aRawat Dr D S _966891 |
||
| 245 |
_aStudents' Guide To Accounting Standards _bCA/CMA Final |
||
| 260 |
_aNew Delhi _bTaxmann Publications _c2016 |
||
| 650 |
_aAccounting _966892 |
||
| 942 |
_2ddc _cBK |
||
| 999 |
_c56159 _d56159 |
||